Journey to the center of the earth / (Record no. 48412)
| 000 -LEADER | |
|---|---|
| fixed length control field | 00819nam a2200181 4500 |
| 020 ## - INTERNATIONAL STANDARD BOOK NUMBER | |
| International Standard Book Number | 9781402773136 |
| 100 1# - MAIN ENTRY--PERSONAL NAME | |
| Personal name | Olmstead, Kathleen. |
| Relator term | author. |
| 9 (RLIN) | 18962 |
| 245 10 - TITLE STATEMENT | |
| Title | Journey to the center of the earth / |
| Statement of responsibility, etc | retold from the Jules Verne original by Kathleen Olmstead ; illustrated by Eric Freeberg. |
| 260 ## - PUBLICATION, DISTRIBUTION, ETC. (IMPRINT) | |
| Place of publication, distribution, etc | New York : |
| Name of publisher, distributor, etc | Sterling, |
| Date of publication, distribution, etc | 2011. |
| 300 ## - PHYSICAL DESCRIPTION | |
| Extent | 150 p. : |
| Other physical details | ill. ; |
| Dimensions | 20 cm. |
| 490 ## - SERIES STATEMENT | |
| Series statement | Classic starts |
| 520 ## - SUMMARY, ETC. | |
| Summary, etc | Professor Hardwigg, his nephew Harry, and their guide Hans explore a volcanic crater in Iceland that leads them to the center of the Earth and to incredible and horrifying discoveries. |
| 650 #1 - SUBJECT ADDED ENTRY--TOPICAL TERM | |
| Topical term or geographic name as entry element | Explorers |
| Form subdivision | Fiction. |
| 650 #1 - SUBJECT ADDED ENTRY--TOPICAL TERM | |
| Topical term or geographic name as entry element | Science fiction. |
| 700 ## - ADDED ENTRY--PERSONAL NAME | |
| Personal name | Freeberg, Eric, |
| Relator term | ill. |
| 9 (RLIN) | 86034 |
| 700 ## - ADDED ENTRY--PERSONAL NAME | |
| Personal name | Verne, Jules, |
| Dates associated with a name | 1828-1905. |
| Title of a work | Voyage au centre de la Terre. |
| 9 (RLIN) | 86042 |
| 942 ## - ADDED ENTRY ELEMENTS (KOHA) | |
| Source of classification or shelving scheme | |
| Koha item type | Book |
| Withdrawn status | Lost status | Source of classification or shelving scheme | Damaged status | Not for loan | Home library | Current library | Date acquired | Total Checkouts | Full call number | Barcode | Date last seen | Price effective from | Koha item type |
|---|---|---|---|---|---|---|---|---|---|---|---|---|---|
| Logos International School | Logos International School | 02/10/2025 | J FIC OLM | 040358 | 02/11/2025 | 02/10/2025 | Book |